01251 a2200193 4500003000500000005001700005010001600022020001500038040000900053082001500062100002300077245010500100260004100205300003300246505071300279650002700992650001601019700002201035Nust20221028182510.0 a 76003947 a0827311664 cNust00a621.31,ROL1 aRollain, Philip J.10aExploring electricity electronics with the electrical team /cPhilip J. Rollain and Thomas E. Kraus. aAlbany :bDelmar Publishers,cc1979. aiv, 170 p. :bill. ;c27 cm. aWhy Study Electricity (Page-1), What is Electricity (Page-6), Conductors and Insulators (Page-11), The Electrical Team (Page-15), Meters (Page-19) Ohm’s Law (Page-24), Six Methods of Producing Electricity (Page-29), Electricity from Chemicals (Page-36), Magnetism (Page-43), Magnetism and Electricity (Page-48), Electromagnetism (Page-51), Introduction to Circuits (Page-57), Series Circuits (Page-64), Parallel Circuits (Page-70), Electrical Power (Page-76), D.C. Motors and Generators (Page-84), Alternating Current (Page-91), Transformers (Page-95), What is Electronics (Page-102), Resistance and Resistors (Page-109), Capacitance and Inductors (Page-116), Communications Caveman to Spaceman (Page-137). 0aElectrical engineering 0aElectronics1 aKraus, Thomas E.,